000 00531nam a22001697a 4500
005 20251108164902.0
008 250721s2007 xx 000 0 ara d
082 1 4 _aم/320.01/مرك
100 1 _aالعليبي، فريد
245 1 0 _aرؤية ابن رشد السياسية /
264 1 _aبيروت :
_bمركز دراسات الوحدة العربية،
_c2007.
300 _a350 ص.
490 0 _aأطروحات الدكتوراة
_v64
650 1 7 _aالعلوم السياسيه
942 _2ddc
_cREF
999 _c16666
_d16666